<?xml version="1.0" encoding="UTF-8"?>
<collection xmlns="http://www.loc.gov/MARC21/slim">
 <record>
  <leader>00543pamaa2200157   4500</leader>
  <controlfield tag="001">0000040524</controlfield>
  <controlfield tag="005">20080104090000.0</controlfield>
  <datafield tag="020" ind1="0" ind2="0">
   <subfield code="a">8123904150 (pbk) </subfield>
  </datafield>
  <datafield tag="090" ind1="0" ind2="0">
   <subfield code="a">RS403 </subfield>
   <subfield code="b">MOH 1995</subfield>
  </datafield>
  <datafield tag="100" ind1="1" ind2="0">
   <subfield code="a">Mohammed </subfield>
  </datafield>
  <datafield tag="245" ind1="1" ind2="0">
   <subfield code="a">Text book of pharmaceutical chemistry-1 (inorganic) : </subfield>
   <subfield code="b">(for first year diploma and B. Pharm)  </subfield>
   <subfield code="c">by Dr. Mohammed Ali.</subfield>
  </datafield>
  <datafield tag="260" ind1="0" ind2="0">
   <subfield code="a">New Delhi: </subfield>
   <subfield code="b">CBS Publishers and Distributors, </subfield>
   <subfield code="c">1995.</subfield>
  </datafield>
  <datafield tag="300" ind1=" " ind2=" ">
   <subfield code="a">iv, 314p.; </subfield>
   <subfield code="c">25 cm.</subfield>
  </datafield>
  <datafield tag="650" ind1="0" ind2="0">
   <subfield code="a">Pharmaceutical preparation -- </subfield>
   <subfield code="x">Chemistry </subfield>
  </datafield>
  <datafield tag="650" ind1="0" ind2="0">
   <subfield code="a">Pharmaceutical preparation -- </subfield>
   <subfield code="x">Analysis </subfield>
  </datafield>
 </record>
</collection>
